Obras completas / (Record no. 81415)

MARC details
000 -LEADER
campo de control de longitud fija 02411camaa2200517Mu 4500
001 - NÚMERO DE CONTROL
campo de control 98634
003 - IDENTIFICADOR DE NÚMERO DE CONTROL
campo de control BJBSDDR
005 - FECHA Y HORA DE LA ÚLTIMA TRANSACCIÓN
campo de control 20250127160908.0
007 - CAMPO FIJO DE DESCRIPCIÓN FÍSICA--INFORMACIÓN GENERAL
campo de control de longitud fija ta
008 - DATOS DE LONGITUD FIJA--INFORMACIÓN GENERAL
campo de control de longitud fija 060425s2005 sp o000 0 spa d
016 7# - NÚMERO DE CONTROL DE UNA AGENCIA BIBLIOGRÁFICA NACIONAL
Número de control del registro bimoBNE20060406370
Fuente SpMaBN
017 ## - NÚMERO DE COPYRIGHT O DE DEPÓSITO LEGAL
Número de copyright o de depósito legal SE 1912-2005
020 ## - NÚMERO INTERNACIONAL ESTÁNDAR DEL LIBRO
Número Internacional Estándar del Libro 8488603835 (O.c.)
020 ## - NÚMERO INTERNACIONAL ESTÁNDAR DEL LIBRO
Número Internacional Estándar del Libro 9788488603838 (O.c.)
020 ## - NÚMERO INTERNACIONAL ESTÁNDAR DEL LIBRO
Número Internacional Estándar del Libro 8488603843 (t.1)
020 ## - NÚMERO INTERNACIONAL ESTÁNDAR DEL LIBRO
Número Internacional Estándar del Libro 9788488603845 (t.1)
020 ## - NÚMERO INTERNACIONAL ESTÁNDAR DEL LIBRO
Número Internacional Estándar del Libro 8488603851 (t.2)
020 ## - NÚMERO INTERNACIONAL ESTÁNDAR DEL LIBRO
Número Internacional Estándar del Libro 9788488603852 (t.2)
020 ## - NÚMERO INTERNACIONAL ESTÁNDAR DEL LIBRO
Número Internacional Estándar del Libro 848860386X (t.3)
020 ## - NÚMERO INTERNACIONAL ESTÁNDAR DEL LIBRO
Número Internacional Estándar del Libro 9788488603869 (t.3)
035 ## - NÚMERO DE CONTROL DEL SISTEMA
Número de control de sistema (OCoLC)ocn433310724
035 ## - NÚMERO DE CONTROL DEL SISTEMA
Número de control de sistema (OCoLC)433310724
040 ## - FUENTE DE CATALOGACIÓN
Centro catalogador/agencia de origen BNM
Normas de descripción rdc
Lengua de catalogación spa
Centro/agencia transcriptor BNM
041 ## - CÓDIGO DE IDIOMA
Código de lengua del texto/banda sonora o título independiente spa
049 ## - FONDOS LOCALES (OCLC)
Biblioteca depositaria GRAL
050 14 - SIGNATURA TOPOGRÁFICA DE LA BIBLIOTECA DEL CONGRESO
Número de clasificación PQ 6210
Número de ítem M149o 2005
100 1# - ENTRADA PRINCIPAL--NOMBRE DE PERSONA
Nombre de persona Machado y Alvarez, Antonio,
Fechas asociadas al nombre 1846-1893
9 (RLIN) 39140
240 10 - TÍTULO UNIFORME
Título uniforme Works. 2005
245 10 - MENCIÓN DEL TÍTULO
Título Obras completas /
Mención de responsabilidad, etc. Antonio Machado y Alvarez (Demófilo) ; edición, introducción y notas de Enrique Baltanás
260 ## - PUBLICACIÓN, DISTRIBUCIÓN, ETC.
Lugar de publicación, distribución, etc. Sevilla :
Nombre del editor, distribuidor, etc. Diputación de Sevilla, Cultura y Deporte,
Fecha de publicación, distribución, etc. 2005
300 ## - DESCRIPCIÓN FÍSICA
Extensión 3 volúmenes (xci, 991, 1427-2905 páginas) :
Otras características físicas retratos ;
Dimensiones 23 cm +
Material acompañante/anejo 1 suplemento al t. 1. (997-1423 páginas).
490 1# - MENCIÓN DE SERIE
Mención de serie Biblioteca de autores sevillanos
Designación de volumen o secuencia 5
505 0# - NOTA DE CONTENIDO CON FORMATO
Nota de contenido con formato t. 1. Estudios sobre literatura popular; Colección de cantes flamencos; Cantes flamencos y cantares; Poesía popular; Cuentos populares españoles, anotados y comparados con los de otras colecciones de Portugal, Italia y Francia; El diamante y el carbón; Artículos periodísticos -- Anexo de t. 1. Colección de enigmas y adivinanzas en forma de diccionario -- t. 2. Artículos sobre folk-lore: concepto, organización, métodos y materiales -- t. 3. Recensiones, prólogos y notas; Varia; Epistolario; Notas a la edición.
600 14 - PUNTO DE ACCESO ADICIONAL DE MATERIA--NOMBRE DE PERSONA
Nombre de persona Machado y Alvarez, Antonio,
Fechas asociadas al nombre 1846-1893
Subdivisión general Crítica e interpretación
9 (RLIN) 40225
650 #0 - PUNTO DE ACCESO ADICIONAL DE MATERIA--TÉRMINO DE MATERIA
Término de materia o nombre geográfico como elemento de entrada Poesía española
Subdivisión general Historia y crítica
9 (RLIN) 19239
Subdivisión cronológica Siglo XIX
650 #4 - PUNTO DE ACCESO ADICIONAL DE MATERIA--TÉRMINO DE MATERIA
Término de materia o nombre geográfico como elemento de entrada Literatura folclórica española
9 (RLIN) 39142
650 #4 - PUNTO DE ACCESO ADICIONAL DE MATERIA--TÉRMINO DE MATERIA
Término de materia o nombre geográfico como elemento de entrada Canciones folclóricas españolas
9 (RLIN) 39143
650 #4 - PUNTO DE ACCESO ADICIONAL DE MATERIA--TÉRMINO DE MATERIA
Término de materia o nombre geográfico como elemento de entrada Poesía popular española
9 (RLIN) 39145
650 #4 - PUNTO DE ACCESO ADICIONAL DE MATERIA--TÉRMINO DE MATERIA
Término de materia o nombre geográfico como elemento de entrada Folclor
9 (RLIN) 5850
Subdivisión geográfica España
650 #4 - PUNTO DE ACCESO ADICIONAL DE MATERIA--TÉRMINO DE MATERIA
Término de materia o nombre geográfico como elemento de entrada Música flamenca
Subdivisión general Historia y crítica
9 (RLIN) 39144
650 #4 - PUNTO DE ACCESO ADICIONAL DE MATERIA--TÉRMINO DE MATERIA
Término de materia o nombre geográfico como elemento de entrada Adivinanzas españolas
9 (RLIN) 39146
700 1# - ENTRADA AGREGADA--NOMBRE PERSONAL
Nombre de persona Rodríguez Baltanás, Enrique Jesús,
Fechas asociadas al nombre 1952-
9 (RLIN) 39141
Término indicativo de función/relación editor
830 #0 - PUNTO DE ACCESO ADICIONAL DE SERIE-TÍTULO UNIFORME
Título uniforme Biblioteca de autores sevillanos ;
Designación de volumen o secuencia 5
9 (RLIN) 39139
942 ## - ELEMENTOS DE ENTRADA SECUNDARIOS (KOHA)
Fuente del sistema de clasificación o colocación Clasificación de Library of Congress
Tipo de ítem Koha Libro
946 ## - PROCESAMIENTO DE INFORMACIÓN LOCAL (OCLC)
a NBM
Holdings
Estatus retirado Estado de pérdida Fuente del sistema de clasificación o colocación Estado de daño No para préstamo Colección Biblioteca de origen Biblioteca actual Ubicación en estantería Fecha de adquisición Serial enumeration / chronology Signatura topográfica completa Código de barras Visto por última vez Copia número Tipo de ítem Koha
    Clasificación de Library of Congress     Humanidades Biblioteca Juan Bosch Biblioteca Juan Bosch Humanidades (4to. Piso) 10/04/2023 t.3 PQ 6210 M149o 2005 00000097295 25/10/2018 1 Libro
    Clasificación de Library of Congress     Humanidades Biblioteca Juan Bosch Biblioteca Juan Bosch Humanidades (4to. Piso) 10/04/2023 t.1 PQ 6210 M149o 2005 00000089872 25/10/2018 1 Libro
    Clasificación de Library of Congress     Humanidades Biblioteca Juan Bosch Biblioteca Juan Bosch Humanidades (4to. Piso) 25/10/2024 t.2 PQ 6210 M149o 2005 00000070423 25/10/2024 1 Libro
    Clasificación de Library of Congress     Humanidades Biblioteca Juan Bosch Biblioteca Juan Bosch Humanidades (4to. Piso) 25/10/2024 t.1 Anexo PQ 6210 M149o 2005 00000056521 25/10/2024 1 Libro